| 000 | 01075cam a2200265 4500 | ||
|---|---|---|---|
| 001 | M93814 | ||
| 008 | 090401t1998 xxu||||| |||| 00| 0 eng d | ||
| 035 | _a(Sirsi) u88408 | ||
| 041 | _aeng | ||
| 050 | _a347.4109 | ||
| 110 |
_aChartered Institute of Arbitrators _91994 |
||
| 245 | _aSurveyors and Valuers Arbitration Scheme : scheme details. | ||
| 260 |
_aLondon _bChartered Institute of Arbitrators _c1998 |
||
| 300 | _a5,6,9p. ; 30cm. | ||
| 350 | _a0 | ||
| 520 | _aApplies to claims for compensation between clients and members of the RICS and the ISVA. Effective from 1 September 1998. | ||
| 650 | _aMANAGEMENT-DISPUTE AVOIDANCE, MANAGEMENT AND RESOLUTION-DISPUTE MANAGEMENT AND RESOLUTION-ARBITRATION | ||
| 650 | _aGUIDANCE NOTES | ||
| 650 | _aABOUT RICS-RELATED ORGANISATIONS-INCORPORATED SOCIETY OF VALUERS AND AUCTIONEERS | ||
| 650 | _aRICS | ||
| 650 | _aSURVEYORS AND VALUERS ARBITRATION SCHEME | ||
| 690 | _aMANAGEMENT-DISPUTE AVOIDANCE, MANAGEMENT AND RESOLUTION-DISPUTE MANAGEMENT AND RESOLUTION-ARBITRATION | ||
| 942 | _n0 | ||
| 948 | _c11/09/1998 | ||
| 999 |
_c97343 _d97343 |
||